LEADER 01471nam--2200397---450- 001 990002447830203316 005 20050630160023.0 010 $a981-02-4319-7 035 $a000244783 035 $aUSA01000244783 035 $a(ALEPH)000244783USA01 035 $a000244783 100 $a20050630d2001----km-y0itay0103----ba 101 $aeng 102 $aSG 105 $aa|||||||001yy 200 1 $aSuperconducting materials for high energy colliders$eproceedings of the 38th workshop of the INFN eloisatron project, Erice, Italy, 19-25 October 1999$feditors L. Cifarelli and L. Maritato 210 $aSingapore [etc.]$cWorld Scientific$dc2001 215 $aXIII, 212 p.$cill.$d22 cm 225 2 $a<> science and culture series$iPhysics$v20 300 $aSul front.: In memory of T. Ypsilantis 410 0$12001$a<> science and culture series$iPhysics$v20 600 1 $aYpsilantis,$bThomas 606 0 $aSuperconduttori 676 $a621.35 702 1$aCIFARELLI,$bLuisa 702 1$aMARITATO,$bLuigi 712 12$aWorkshop of the INFN eloisatron project on superconducting materials for high energy colliders$d<38. ;$fErice, Italy ;$e1999> 801 0$aIT$bsalbc$gISBD 912 $a990002447830203316 951 $a621.35 WOR$b18899 ING.$c621.35 WOR$d00128737 959 $aBK 969 $aTEC 979 $aMARIASEN$b90$c20050630$lUSA01$h1600 996 $aSuperconducting materials for high energy colliders$91057739 997 $aUNISA LEADER 00945nam0-2200277---450- 001 990008382850403321 005 20061122143613.0 010 $a88-6074-051-7 035 $a000838285 035 $aFED01000838285 035 $a(Aleph)000838285FED01 035 $a000838285 100 $a20060922d2006----km-y0itay50------ba 101 0 $aeng 102 $aIT 105 $a--------001yy 200 1 $a61st ATI National Congress University of Perugia Faculty of Engineering September 14th, 2006$einternational session "The Sustainable Mobility Challemge" Conference Proceedings 210 $aPerugia$cMorlacchi$d2006 710 02$aAssociazione termotecnica italiana$0284428 801 0$aIT$bUNINA$gRICA$2UNIMARC 901 $aBK 912 $a990008382850403321 952 $a00 C3015$b5887$fDETEC 959 $aDETEC 996 $a61st ATI National Congress University of Perugia Faculty of Engineering September 14th, 2006$9724620 997 $aUNINA